000 00380nam a2200145Ia 4500
008 230917s9999||||xx |||||||||||||| ||und||
040 _e58273
_aMAIN
041 _aEnglish
082 _a821.8 W644E:A
100 _aEllmann, Richard
245 0 _aArtist as critic: Critical writings of Oscar Wilde
260 _aLondon
_bW H Allen
_c1970
300 _axxviii, 446 p.
942 _cBK
999 _c63551
_d63551